UBT Library

Locke on human understanding : (Record no. 39980)

000 -LEADER
fixed length control field 00608cam a2200229 i 4500
001 - CONTROL NUMBER
control field 4159933
005 - DATE AND TIME OF LATEST TRANSACTION
control field 20180109095523.0
008 - FIXED-LENGTH DATA ELEMENTS--GENERAL INFORMATION
fixed length control field 780419s1977 enk b 001 0 eng
010 ## - LIBRARY OF CONGRESS CONTROL NUMBER
LC control number 78300833
015 ## - NATIONAL BIBLIOGRAPHY NUMBER
National bibliography number GB***
020 ## - INTERNATIONAL STANDARD BOOK NUMBER
International Standard Book Number 0198750390 :
Terms of availability £1.95
040 ## - CATALOGING SOURCE
Original cataloging agency DLC
Transcribing agency DLC
Modifying agency DLC
041 ## - LANGUAGE CODE
Language code of text/sound track or separate title eng
080 ## - UNIVERSAL DECIMAL CLASSIFICATION NUMBER
Universal Decimal Classification number 121.0924 TIP
082 00 - DEWEY DECIMAL CLASSIFICATION NUMBER
Classification number 121.0924 TIP
100 ## - Rafti
Rafti 24
101 ## - Shkurtesa
Shkurtesa FIL
245 00 - TITLE STATEMENT
Title Locke on human understanding :
Statement of responsibility, etc edited by I. C. Tipton.
504 ## - BIBLIOGRAPHY, ETC. NOTE
Bibliography, etc Bibliography: p. [164]-167.
906 ## - LOCAL DATA ELEMENT F, LDF (RLIN)
a 7
b cbc
c orignew
d 3
e ncip
f 19
g y-gencatlg
942 ## - ADDED ENTRY ELEMENTS (KOHA)
Source of classification or shelving scheme
Item type Books
Holdings
Withdrawn status Lost status Source of classification or shelving scheme Damaged status Not for loan Collection code Permanent location Current location Shelving location Date acquired Total Checkouts Full call number Barcode Date last seen Price effective from Koha item type
          Koleksioni i përgjithshem UBT - Lipjan UBT - Lipjan Koleksioni i përgjithshem 01/09/2018   121.0924 TIP 002-2995091 01/09/2018 01/09/2018 Books
UBT Library © 2015-2024. All rights reserved University Education for Business and Technology